000 00966nam a2200253Ia 4500
003 OSt
005 20220930092808.0
006 a|||||r|||| 00| 0
007 ta
008 220926b |||||||| |||| 00| 0 eng d
024 _a24824
037 _cTheses
040 _aCRL
_cCRL
_beng
041 _2eng
_aeng
100 _aChaturvedi Deepak
_9549706
110 _aUniversity OF Delhi. Faculty OF Medical Sciences. Department OF Forensic Medicine
_9522462
245 0 _aDetermination of correlation between supine length and percutaneous measurements of lower limb in cadavers
650 _aMEDICAL JURISPRUDENCE
_9522463
700 _a Dr. Anil Kumar Tyagi Gu.
_9540721
700 _a Dr. Narinder Kumar Aggarwal Gu.
_9540725
700 _aUniversity OF Delhi. Faculty OF Medical Sciences. Department OF Forensic Medicine
_9522465
942 _cDIS
_2CC
999 _c884306
_d884306